00868nam a2200289 i 450000100060000000300090000600500170001500800390003201500170007104000410008804100130012904600090014208000070015110000400015824500530019825000120025126000560026330000260031938000170034538800140036250400120037654600180038865800220040665000100042871000420043885600980048012036KOSZ 00520210518114059.0071121s1966 pl g 001 0 pol aPB 1966/6156 aWA NcWA NdKOSZ 005/RWdKOSZ 005/HR0 apolbfre k1966 a171 aOssowska, Mariad(1896-1974)eAutor10aPodstawy nauki o moralności /cMaria Ossowska. aWyd. 4. aWarszawa :bPaństwowe Wydawnictwo Naukowe,c1966. a407, [1] s. ;c25 cm. aKsiążki. a1901-2000 aIndeks. aStreszcz. fr. aFilozofia i etyka 4aEtyka2 aPaństwowe Wydawnictwo Naukowe4pbl. uhttp://koha.tu.koszalin.pl/cgi-bin/koha/opac-detail.pl?biblionumber=12036yKatalog online BPK